| 000 | 00473nam a2200169Ia 4500 | ||
|---|---|---|---|
| 999 |
_c26474 _d26474 |
||
| 003 | OSt | ||
| 005 | 20210105131222.0 | ||
| 008 | 190216s9999||||xx |||||||||||||| ||und|| | ||
| 040 | _coclc | ||
| 082 |
_a610 _bEKB/J |
||
| 100 |
_aEkbal, B _97019 |
||
| 245 | 0 |
_aJanakiya Oushadanayathinu Vendi / _cB Ekbal |
|
| 260 |
_bKerala Shasthra Parishath , _aTrissur: _c1989. |
||
| 300 | _a135p | ||
| 650 | _aPadanam | ||
| 942 |
_cBK _2ddc _h610 _iEKB/J _k610 _mEKB/J |
||